Proměny

Korporativní autor: Čechomor (hudební skupina)
Další autoři: Dusilová, Lenka, 1975-, Mátlová, Tereza, 1975-, Coleman, Jaz, 1960-, Preisler, František, 1973-2007, Collegium Českých filharmoniků
Jazyk: Čeština
Angličtina
Vydáno: Praha : Venkow :Universal Music, p2001
Témata:
Fyzický popis: 1 zvuková deska (68:01) : digital ; 12 cm + 1 leták (12 x 72 cm)
Zvukové nahrávky
Uloženo v:
LEADER 02017njm a2200481 a 4500
001 000595446
003 CZ BrMZK
005 20040622083504.0
007 sd fsngnnmmned
008 020416s2001 xr fm f di cze d
028 0 1 |a 016685-2  |b Venkow 
040 |a BOA001  |b cze 
041 0 |a cze  |a eng 
047 |a fm 
048 |a oz  |b vu  |a oa 
080 |a (086.7)  |2 MRF 
080 |a 785.16  |2 MRF 
110 2 |a Čechomor (hudební skupina)  |7 ko2002150044  |4 prf 
245 1 0 |a Proměny  |h [zvukový záznam] 
246 1 4 |a Transformations 
260 |a Praha :  |b Venkow :  |b Universal Music,  |c p2001 
300 |a 1 zvuková deska (68:01) :  |b digital ;  |c 12 cm +  |e 1 leták (12 x 72 cm) 
306 |a 010801 
500 |a Nahráno v Sono studiu v lednu 2001 
500 |a Vydáno také na kazetě s objednacím číslem 016685-4 
500 |a Kompaktní deska 
500 |a Texty písní na letáku (v angličtině) 
500 |a 4 písně bonus 
500 |a Souběžné názvy v angličtině 
500 |a Další název převzat z obalu 
505 0 0 |t Slunéčko --  |t Proměny --  |t Mezi horami --  |t Dobře ti je Janku --  |t Vyšly ryby --  |t Zdálo sa ně zdálo --  |t Hruška --  |t Svatba --  |t Voják --  |t Šimbolice --  |t Větříček --  |t Velické zvony --  |t Větříček --  |t Tisíc andělů --  |t Transformations 
511 0 |a Čechomor; Collegium českých filharmoniků, František Preisler, Jaz Coleman, dirigenti 
511 0 |a Lenka Dusilová, zpěv, Tereza Mátlová, sbory 
650 0 7 |a populární písně  |7 ph124354  |2 czenas 
655 4 |a populární hudba 
700 1 |a Dusilová, Lenka,  |d 1975-  |7 xx0029785  |4 prf 
700 1 |a Mátlová, Tereza,  |d 1975-  |7 xx0021108  |4 prf 
700 1 |a Coleman, Jaz,  |d 1960-  |7 js20020527017  |4 cnd 
700 1 |a Preisler, František,  |d 1973-2007  |7 jo20000082786  |4 cnd 
710 2 |a Collegium Českých filharmoniků  |7 kn20030215118  |4 prf 
910 |a BOA001  |b CD-0010.342 
990 |a AV 
996 6 |b 261H011245  |c CD-0010.342  |l MZK  |r Sklad / do 24 hodin  |n 1  |w 000595446  |u 000010  |a 1  |e BOA001  |j MZK50  |s P